| 000 | 01545nam a2200397 u 4500 | ||
|---|---|---|---|
| 001 | 000046746 | ||
| 005 | 20200120222458.0 | ||
| 008 | 110922s2008 sp a er 001 j spa d | ||
| 020 | _a9788496822269 | ||
| 041 | 0 | _a#-spa | |
| 082 | 0 | 4 | _221 |
| 090 |
_aAC _bLIBRO |
||
| 245 | 0 | 0 |
_aLibro de fantasmas / _cUeda Akinari ... [ et al.] ; edición de Juan Sebastián Cárdenas ; ilustración Francis Bacon ...[et al.]. |
| 250 | _a1a. ed. | ||
| 260 |
_aMadrid : _b451 Editores, _c2008. |
||
| 300 |
_a254 p. : _bil. col. |
||
| 490 | 0 | _a451.zip | |
| 500 | _aIncluye índice | ||
| 504 | _aReferencias bibliográficas : p. | ||
| 500 | _aEl ej.1 de Biblioparque Funza corresponde al ISBN 9788496822535 | ||
| 500 | _aEl ej.1 con N° de acceso 054000082 es de uso exclusivo para consulta en sala. Ubicación: Centro Empresarial El Cubo. | ||
| 500 | _aEj.1 de la biblioteca Mosquera con ISBN: 9788496822535, 1a. ed. de 2008. | ||
| 600 | 1 | 4 |
_aAkinari, Ueda _vColecciones de escritos |
| 650 | 1 | 4 | _aCuentos adulto |
| 600 | 1 | 4 |
_aAljure, Dúmar _vColecciones de escritos |
| 600 | 1 | 4 |
_aBao, Gan _vColecciones de escritos |
| 600 | 1 | 4 |
_aBierce, Ambrose _vColecciones de escritos |
| 600 | 1 | 4 |
_aDunsay, Lord _vColecciones de escritos |
| 600 | 1 | 4 |
_aGógol, Nicolái _vColecciones de escritos |
| 600 | 1 | 4 |
_aGoki, Maxim _vColecciones de escritos |
| 650 | 2 | 4 | _aLiteratura adulto |
| 650 | 2 | 4 | _aFantasmas en la literatura |
| 650 | 2 | 4 | _aEspectros en la literatura |
| 700 | 1 |
_aCárdenas, Juan Sebastián _eed. |
|
| 700 | 1 |
_aBacon, Francis _d1561-1626 _eil. |
|
| 999 |
_c2928 _d2928 |
||